Význam probiotík pre ľudský organizmus a ich využitie v potravinárstve

Uložené v:
Podrobná bibliografia
Hlavný autor: Ferencová, Zuzana
Médium: Program Kniha
Jazyk:Slovak
Vydavateľské údaje: Bratislava STU FCHPT 2009
On-line prístup:View in OPAC
Tagy: Pridať tag
Žiadne tagy, Buďte prvý, kto otaguje tento záznam!

MARC

LEADER 00000nam a2200000 a 4500
005 20260127134414.0
007 co ugu
008 091208 2009 xo 000 0 slo d
035 |a vtls010029223 
039 9 |a 200912080940  |b mschk03  |y 200912080938  |z mschk03 
040 |a STUSCHK1  |b slo  |c STUSCHK1  |e AACR2 
100 1 |a Ferencová, Zuzana 
245 1 |a Význam probiotík pre ľudský organizmus a ich využitie v potravinárstve  |c Zuzana Ferencová 
260 |a Bratislava  |b STU FCHPT  |c 2009 
500 |a Študijný program: potravinárstvo 
500 |a Študijný odbor: 5.2.24 potravinárstvo 
500 |a Fakulta chemickej a potravinárskej technológie, Odd. potravinárskej technológie (Humenné) 
500 |a Bakalárska práca na CD-ROMe 
500 |a 1 elektronický disk 
910 |a SCHK95 
999 |c 11973  |d 11973